| 000 | 00687nam0a22002291 4500 | ||
|---|---|---|---|
| 001 | rc\779297 | ||
| 005 | 20250622131026.0 | ||
| 035 | _a(NLR Aleph) 006305268 | ||
| 090 |
_a7293951 _c7293951 |
||
| 100 | _a20040301d1983 |||y0rusy50 ca | ||
| 101 | 0 | _arus | |
| 102 | _aRU | ||
| 105 | _ay ||||||||| | ||
| 200 | 1 | _aСоциалистическая законность и квалификация преступлений | |
| 210 |
_aАлма-Ата _cКазахстан _d1983 |
||
| 215 |
_a158 с. _d21 |
||
| 700 | 1 |
_aАшитов _bЗ.О. _gЗаиркан Омарович |
|
| 801 | 0 |
_aRU _bNLR _gpsbo |
|
| 801 | 1 |
_aRU _bELAR _2rusmarc |
|
| 852 |
_aNLR _j84-3/2649 |
||
| 942 | _cBOOK | ||
| 980 | _aNB | ||